000 00690nam a2200265Ia 4500
003 OSt
005 20221006151128.0
006 a|||||r|||| 00| 0
007 ta
008 221006b |||||||| |||| 00| 0 jpn d
020 _c¥540
024 _a21,032
037 _bGift, Japan Foundation
_cTextual
040 _aEASL
_cEASL
_bjpn
041 _2jpn
_ajpn
082 _a1008230
100 _aINOUE Munekazu
_9658377
245 0 _aNihon no Meijo Kojo
260 _aTokyo
_bKadokawa Bunko Japan
_c1985
300 _a397p.
_ccm.
490 _v JL
650 _aJL
942 _h1008230
_cTEXL
_2CC
999 _c1089118
_d1089118